000 00993nam a22003497a 4500
001 BR0804596
003 BR-BrBNA
005 20230928102642.0
007 ta
008 230509b bl.||||| |||| 00| 0 por d
040 _aBR-BrBNA
_bpor
_cBiblioteca Nacional de Agricultura
041 _a(Por)
072 _aE71; E16
090 _ E71 BR0804596
110 1 _aCompanhia Nacional de Abastecimento, Brasília, DF (Brasil)
245 1 _aCorredores de escoamento da produção agrícola; corredor da BR 163
260 3 _aBrasília, DF (Brasil):
_c2007.
300 _a80 p.
500 _a13 ref.; 24 illus.
650 _aPRODUÇÃO AGRÍCOLA
650 _aESCOAMENTO DA PRODUÇÃO
650 _aCANAL DE ESCOAMENTO
650 _aTRANSPORTE RODOVIÁRIO
650 _aESTRADA DE RODAGEM
650 _aHIDROVIA
650 _aTRANSPORTE FLUVIAL
650 _aPORTO
650 _aEXPORTAÇÃO
650 _aCENTRO OESTE
909 _a202309
_bLucia
_c55
_dLucia Elande
942 _cBK
999 _c71873
_d71873